000 00706nam a22002057a 4500
005 20100806150636.0
010 _aENG-98656
020 _a978819380421001
_c90.00
035 _aEN-82188
037 _bDBAD/PUB
082 _a574.5
100 _aRajesh, M.
_97906
245 _aConcept of ecology /
_cby M. Rajesh
260 _aThanjavur
_bNalankilli Pathippagam
_c2009
270 _bThanjavur
_a1271,Sulthanjiappa Lane,South Rampart
_e613001
300 _a134p.:
_c23cm (pbk)
_bill.
650 _aEcology
_97907
942 _2ddc
_cEN
_h574.5
_mRAJ
999 _c39846
_d39846